000 00643nam a2200217 i 4500
001 22370
003 ES-MaACL
005 20230906152701.0
007 t|
008 021202s1962 sp ||||1| spa d
080 _a304-055.2(73)
100 1 _aAldenhoff, M.
_919639
245 1 3 _aLa americana :
_b(la mujer en el mundo) /
_cpor M. Aldenhoff, F.O. Connor.
250 _a1ª ed.
260 _aBarcelona :
_bAHR,
_c1962.
300 _a345 p., [16] p. de lám. ;
_c22 cm.
650 4 _aMujeres-
_zEstados Unidos-
_xSituación social.
_9163506
700 1 _aConnor, F. O.
_940208
852 4 _aES-MaACL
_jC-23481
852 4 _aES-MaACL
_jC-35544
999 _c22370
_d22370